1735 1344 1852 1047 1063 1311 1307 1282 1660 1811 1466 1891 1326 1165 1733 1579 1276 1955 1976 1382 1683 1003 1838 1292 1488 1511 1673 1327 1856 1113 1282 1056 1614 1688 1012 1630 1764 1686 1920 1098 1079 1362 1010 1752 1182 1454 1557 1024 1521 1761 1783 1230 1023 1148 1894 1351 1857 1726 1402 1732 1343 1050 1697 1070 1787 1753 1222 1115 1898 1189 1511 1765 1253 1234 1969 1240 1153 1211 1365 1068 1113 1721 1803 1582 1100 1492 1311 1979 1747 1220 1179 1026 1752 1182 1520 1268 1070 1970 1825 BCNSPRNW ULIB Ver.6.0+V

เปลี่ยนเป็นภาษาไทย

Change to English
 แสดงรายละเอียดบรรณานุกรม
  กลับหน้าหลัก

Brief Record : Get Marc (ISO 2709) : E-mail record : QR code < ปิดหน้าต่าง
LEADER : 00000nas 2200000uu 4500
001    13399125114
003     ULIB
008    020711s|||| th a 000 0 tha d
110    กระทรวงสาธารณสุข
245    วารสารวิชาการR2Rแห่งประเทศไทย/^cกระทรวงสาธารณสุข
260    นนทบุรี :^bกระทรวงสาธารณสุข,^cม.ป.ป.
310    ^aราย 6 เดือน
850 ^a ULIB^bปีที่ 1 ฉบับที่ 1 ฉ.1
945    ^p0^l0^i903940
รายการนี้ยังไม่มีแท็ก
คุณยังไม่ได้ล็อกอิน คุณสามารถมีกิจกรรมร่วมกับเว็บไซต์ได้ แต่ต้องล็อกอินก่อน ::
  ล็อกอิน

รายการสื่อสารสนเทศ (วารสาร)

ดูแบบ: กล่อง รายการ
ARRIVED
ปีที่ 1 ฉบับที่ 1 ฉ.1
สถานที่: ห้องสมุดวิทยาเขตสวรรค์ประชารักษ์ >วารสาร

BibComment


ยังไม่เคยถูกคอมเมนท์

คอมเมนท์ทรัพยากรรายการนี้
  คอมเมนท์: วารสารวิชาการR2Rแ..


 Copyright 2026. Bcnsprnw @Library